000 00627nam a2200241Ia 4500
003 OSt
005 20221007110652.0
006 a|||||r|||| 00| 0
007 ta
008 221006b |||||||| |||| 00| 0 eng d
024 _a21,588
037 _cTextual
040 _aLCO
_cLCO
_beng
041 _2eng
_aeng
082 _aX:97.2, M1
100 _aNagaraju S.
245 0 _aIndustrial Relations System in India
260 _aAllahabad
_bChugh Publications India
_c1981
300 _a379
650 _aINDUSTRIAL RELATIONS
942 _hX:97.2, M1
_cTEXL
999 _c1191151
_d1191151